000 00325nam a2200133Ia 4500
005 20260328101458.0
008 260328s9999||||xx |||||||||||||| ||und||
100 _aÁlvarez, Domingo
245 0 _aEl Espacio /
_cDomingo Álvarez
260 _bMuseo de Bellas Artes
300 _a143 p.
650 _aARQUITECTURA
942 _cBK
999 _c8884
_d8884